| Registos Bibliográficos associados ao registo de autoridade |
|
Etiqueta de registo: 00254nam 2200025 450 001 2277439 003 http://id.bnportugal.gov.pt/bib/catbnp/2277439 010 ## $a978-989-97324-4-5 021 ## $aPT$b551297/25 100 ## $a20260306d2025 m y0pory01030103ba 101 0# $apor 102 ## $aPT 105 ## $aa z 000yy 106 ## $ar 200 1# $aCapelinhos, fotobiografia de um vulcão$fcol. fotográficas Luís Carlos Decq Motta, José Agostinho$gcoord. Paulo J. M. Barcelos, Paulo Henrique Silva$gtextos José Decq Mota... [et al.]$glegendas Paulo J. M. Barcelos, Salomé Meneses, José Decq Mota$gdigitalizações, restauros fotográficos e fot. em 2024 Paulo Henrique Silva 210 #9 $a[S.l.]$cAssociação Os Montanheiros$cLetras Lavadas,$d2025 215 ## $a255 p.$cil.$d31 cm 675 ## $a551.21(469.9)"1957/2025"$vBN$zpor$31994262 675 ## $a77.03$vBN$zpor$3290160 700 #1 $aMotta,$bLuís Carlos Decq,$f1917-2011$31989916 701 #1 $aAgostinho,$bJosé,$f1888-1978$4070$32542 701 #1 $aSilva,$bPaulo Henrique$4070$31371935 702 #1 $aBarcelos,$bPaulo J. M.,$f1971-$4340$31453637 702 #1 $aMota,$bJosé Eduardo Bicudo Decq$4205$31010200 702 #1 $aMeneses,$bSalomé$4205$31989932 801 #0 $aPT$bBN$gRPC 856 41 $uhttp://rnod.bnportugal.gov.pt/ImagesBN/winlibimg.aspx?skey=&doc=2277439&img=220933&save=true 966 ## $lBN$mFGMON$sS.A. 9417 A.$x1 966 ## $lBN$mFGMON$sS.A. 9417 A.-D $x1 971 ## $cssilva$d20260306 973 ## $cigoulao$d20260330
|
|
|